000 00426nam a2200181Ia 4500
005 20250613040227.0
008 240331s9999 xx 000 0 und d
020 _a9552046866
082 _bHET
_a306
100 _aHettiarachchi,K
245 0 _aDaruwa pawula haa samajaya
260 _aColombo
_bS. Godage & Brothers
_c2001
300 _a138 p .,
650 _aChild
650 _aFamily
650 _aSociety
942 _cL
999 _c2749
_d2749